[Event "IV Niterói Chess Open 2024"]
[Site "Rio de Janeiro"]
[Date "2024.08.31"]
[Round "6"]
[White "Fernandes, Marcio Rosa"]
[Black "Jurado, Laura Alves"]
[Result "0-1"]
[WhiteElo "1798"]
[BlackElo "1612"]
[Annotator "Chessbase"]
[PlyCount "80"]
[EventDate "2024.08.28"]
[EventRounds "7"]
[EventCountry "BRA"]

1. c4 c5 2. Nc3 Nc6 3. g3 g6 4. Bg2 Bg7 5. Nf3 d6 6. O-O e5 7. d3 Nge7 8. a3 O-O 9. Be3 $146 ({RR} 9. Bg5 h6 10. Bd2 Be6 11. Rb1 d5 12. b4 cxb4 13. Nxd5 bxa3 14. Qc1 a2 15. Ra1 Nxd5 16. cxd5 Bxd5 17. Bxh6 Qd6 18. Bxg7 Kxg7 19. Ng5 Nb4 20. Qb2 Bxg2 21. Kxg2 Rfc8 22. Qb3 Rc7 23. f4 Qd5+ {0-1 Petro,J (2105)-Hajdu,I (2145) Miskolc Avas op 1997 (9)}) ({RR} 9. Ne1 Be6 10. b4 e4 11. Bd2 exd3 12. exd3 d5 13. cxd5 Nxd5 14. Ne4 cxb4 15. axb4 Ndxb4 16. Rc1 a5 17. Bg5 f6 18. Be3 Bd5 19. Nf3 Rf7 20. Qa4 Nxd3 21. Rcd1 Nb2 22. Qb5 Nxd1 23. Rxd1 Bxe4 {1-0 Grischuk,A (2732)-Bacrot,E (2669) Titled Tue 10th Oct Late 2023 (8)}) ({RR} 9. Ne1 f5 10. Nc2 f4 11. b4 Rb8 12. Bb2 b6 13. Nd5 g5 14. e3 Be6 15. exf4 gxf4 16. gxf4 Kh8 17. Nxe7 Nxe7 18. fxe5 Ng6 19. Ne3 Nf4 20. Kh1 Qh4 21. Be4 Nh3 22. Ng2 Nxf2+ 23. Rxf2 Qxf2 {1-0 Bodicky,M (2207)-Bambino Filho,A (2166) Titled Tue 30th Jan Early 2024 (7)}) ({RR} 9. Ne1 Be6 10. Bg5 f6 11. Be3 Qd7 12. Nc2 Bh3 13. b4 Bxg2 14. Kxg2 b6 15. bxc5 bxc5 16. Rb1 Rab8 17. Qd2 Rxb1 18. Rxb1 Rb8 19. Qc1 Qd8 20. Bd2 a6 21. e4 Kf7 22. Ne3 Bh6 23. Rb2 {½-½ El Debs,F (2502)-Di Berardino,D (2491) BRA-ch 77th Americana 2010 (4)}) ({RR} 9. Nd5 Nxd5 10. cxd5 Ne7 11. Nd2 b6 12. Rb1 Bb7 13. e4 Ba6 14. Nc4 b5 15. Ne3 f5 16. f4 exf4 17. gxf4 c4 18. Kh1 cxd3 19. Qxd3 fxe4 20. Bxe4 Qb6 21. b4 Qd4 22. Bb2 Qxd3 23. Bxd3 Rae8 {½-½ Pribyl,J (2420)-Zoltek,T (2335) Lodz Makarczyk Memorial-02 1979 (10)}) 9... f5 10. Qd2 Nd4 11. Bxd4 cxd4 12. Nd5 Be6 13. Nxe7+ Qxe7 14. Qb4 h6 15. Rac1 Rac8 16. Rc2 b6 17. Rfc1 Bd7 18. b3 Kh7 19. Qd2 Qf7 20. e3 dxe3 21. fxe3 f4 22. exf4 exf4 23. gxf4 Qxf4 24. Qxf4 Rxf4 25. Rf1 Rcf8 26. h3 Bxh3 27. Kh2 Bxg2 28. Kxg2 g5 29. Re2 Be5 30. Re3 Rg4+ 31. Kh1 Rff4 32. Rfe1 Bf6 33. Kh2 h5 34. Rg1 Rxg1 35. Kxg1 g4 36. Re6 Rxf3 37. Rxd6 h4 38. b4 h3 39. c5 bxc5 40. bxc5 g3 0-1

[Event "IV Niterói Chess Open 2024"]
[Site "Rio de Janeiro"]
[Date "2024.08.29"]
[Round "2"]
[Board "52"]
[White "De Abreu, Luiza Reis Rodrigues"]
[Black "Araujo, Barbara Ribeiro"]
[Result "0-1"]
[WhiteElo "1591"]
[BlackElo "1781"]
[Annotator "Chessbase"]
[PlyCount "74"]
[EventDate "2024.08.28"]
[EventRounds "7"]
[EventCountry "BRA"]

1. c4 c5 2. Nf3 g6 3. g3 Bg7 4. Bg2 Nc6 5. O-O e5 6. Nc3 Nge7 7. e4 O-O 8. d3 d6 9. a3 h6 10. h3 ({RR} 10. b4 b6 11. Rb1 Rb8 12. Ne1 Nd4 13. Nc2 Nxc2 14. Qxc2 Kh7 15. Be3 f5 16. bxc5 f4 17. cxd6 fxe3 18. dxe7 Qxe7 19. fxe3 Qxa3 20. Rxf8 Qxf8 21. Rf1 Qd6 22. Nd5 Be6 23. h4 h5 24. Kh2 Bh6 {1-0 Mamedov,R (2709)-Ivanchuk,V (2726) Huaian IMSA blitz 2nd 2017 (18)}) ({RR} 10. Rb1 Be6 11. b4 b6 12. b5 Nb8 13. Bd2 Nd7 14. Ne1 Rb8 15. Nd5 f5 16. a4 Nf6 17. a5 Nexd5 18. exd5 Bd7 19. Qc2 g5 20. axb6 axb6 21. Ra1 f4 22. Ra7 Nh7 23. f3 h5 24. Bc3 Bh6 {½-½ Athanasiou,S (1606)-Ergazaki,E (1603) 50th TCh-GRE 2023 (3.6)}) 10... Be6 11. Nd5 f5 $146 ({RR} 11... Kh7 12. Kh2 Rb8 13. b4 cxb4 14. Nxb4 b5 15. cxb5 Rxb5 16. Bd2 Qb6 17. Rb1 Rb8 18. Be3 Qb7 19. Nd2 Nxb4 20. Rxb4 Rxb4 21. axb4 Nc6 22. Qa4 Qb5 23. Qxb5 Rxb5 24. Rb1 a6 25. Bf1 Rxb4 26. Rxb4 {½-½ Gussone,C (1744)-Quirico,P (2159) Torino Province-ch 2012 (1)}) 12. exf5 Nxf5 13. Rb1 a5 14. Qb3 Rb8 15. Qb6 Nfd4 16. Qxd8 Nxf3+ 17. Bxf3 Rbxd8 18. Bg2 Bf5 19. Rd1 h5 20. Bg5 Rd7 21. Nb6 Rc7 22. Bd5+ Kh7 23. Kg2 Bh6 24. Bxh6 Kxh6 25. Be4 Rcf7 26. Bxf5 Rxf5 27. Rd2 h4 28. g4 Rf3 29. Nd5 Nd4 30. b3 Ne6 31. Rf1 Ng5 32. Rh1 e4 33. dxe4 Nxe4 34. Rhd1 Rxf2+ 35. Rxf2 Rxf2+ 36. Kg1 Rf3 37. b4 Rxh3 0-1

[Event "IV Niterói Chess Open 2024"]
[Site "Rio de Janeiro"]
[Date "2024.09.01"]
[Round "7"]
[Board "46"]
[White "Borensztajn, David"]
[Black "Bessa, Isabela Moreira"]
[Result "1-0"]
[WhiteElo "1729"]
[BlackElo "1800"]
[Annotator "Chessbase"]
[PlyCount "33"]
[EventDate "2024.08.28"]
[EventRounds "7"]
[EventCountry "BRA"]

1. d4 Nf6 2. Nc3 e6 3. Bf4 Bb4 4. e3 O-O ({RR} 4... Nd5 5. Nge2 Nxf4 6. Nxf4 d5 7. Bd3 c5 8. a3 Bxc3+ 9. bxc3 Nc6 10. O-O c4 11. Be2 O-O 12. Qd2 f5 13. f3 Qg5 14. Rae1 Bd7 15. e4 Ne7 16. Qe3 h6 17. exd5 Nxd5 18. Nxd5 exd5 19. f4 {0-1 Hong,A (2550)-Andreikin,D (2729) Chess.com Speed KO Lose 2024 (1.4)}) 5. Bd3 b6 ({RR} 5... d6 6. Bg5 h6 7. Bh4 e5 8. a3 Bxc3+ 9. bxc3 Re8 10. Ne2 Nbd7 11. O-O e4 12. Bc4 Nf8 13. Qd2 c6 14. Bb3 d5 15. c4 dxc4 16. Bxc4 Be6 17. Bxe6 Rxe6 18. c4 Ng6 19. Bg3 Nh5 20. Rab1 {0-1 Hong,A (2542)-Maurizzi,M (2602) Titled Tue 19th Mar Late 2024 (5)}) 6. Nge2 Bb7 7. a3 $146 ({RR} 7. O-O d5 8. a3 Bd6 9. Bxd6 Qxd6 10. Ng3 a6 11. Re1 Nbd7 12. e4 dxe4 13. Ncxe4 Qxd4 14. Nxf6+ Qxf6 15. Bxh7+ Kxh7 16. Qxd7 Rac8 17. c3 Rfd8 18. Qa4 Rd2 19. Re2 Rcd8 20. Rae1 g6 21. h4 c5 {1-0 Nguyen,D (1519)-Abdallah,M (1664) Gran Canaria Online Blitz 3rd 2022 (4)}) 7... Be7 8. f3 d5 9. g4 Ne4 10. fxe4 dxe4 11. Bxe4 Bxe4 12. Nxe4 Nd7 13. Qd3 Rc8 14. O-O-O c6 15. g5 b5 16. Rdg1 f5 17. gxf6 1-0

[Event "IV Niterói Chess Open 2024"]
[Site "Rio de Janeiro"]
[Date "2024.08.29"]
[Round "3"]
[Board "10"]
[White "Pires, Marcos Vinicius Torsani"]
[Black "Guimaraes, Artemis Pamela"]
[Result "1-0"]
[WhiteElo "2212"]
[BlackElo "2002"]
[Annotator "Chessbase"]
[PlyCount "71"]
[EventDate "2024.08.28"]
[EventRounds "7"]
[EventCountry "BRA"]

1. Nf3 Nf6 2. d4 e6 3. g3 b5 4. Bg2 Bb7 5. Bg5 d5 ({RR} 5... d6 6. Qd3 a6 7. a4 b4 8. Nbd2 Nbd7 9. O-O h6 10. Bxf6 Nxf6 11. e4 Be7 12. c3 bxc3 13. bxc3 Rb8 14. Rfb1 O-O 15. e5 Nd7 16. Nc4 Bd5 17. exd6 cxd6 18. Ne3 Bxf3 19. Bxf3 Qa5 20. Bc6 {1-0 Svane,R (2635)-Gorovets,A (2482) Titled Tue 14th May Early 2024 (11)}) 6. O-O ({RR} 6. c3 Nbd7 7. a4 b4 8. a5 Rb8 9. a6 Ba8 10. Qa4 Be7 11. Ne5 O-O 12. Bxf6 Nxf6 13. Nd3 bxc3 14. Nxc3 Ne4 15. e3 Rb6 16. Qc2 Nxc3 17. bxc3 Qc8 18. O-O Rxa6 19. c4 dxc4 20. Qxc4 Rxa1 {0-1 Piket,J (2635)-Onischuk,A (2657) Biel GM 1999 (7)}) 6... h6 7. Bxf6 Qxf6 8. Qd3 $146 ({RR} 8. Ne5 Bd6 9. f4 c5 10. e3 Qe7 11. Nd2 Nd7 12. c3 Nf6 13. Qe2 a6 14. a4 b4 15. Nb3 c4 16. Na5 Bxe5 17. fxe5 Nh7 18. Nxb7 Qxb7 19. Qxc4 bxc3 20. Qxc3 O-O 21. b4 Rab8 22. Rab1 Rfc8 {1-0 Feisst,S (2138)-Johne,F (1981) Verbandsliga Suedbaden 1819 2018 (7.4)}) 8... a6 9. Nbd2 c5 10. e4 Nc6 11. exd5 Nb4 12. Qe2 Bxd5 13. c3 Nc6 14. Ne4 Qd8 15. Nxc5 Bxc5 16. dxc5 O-O 17. Rfd1 Qc7 18. b4 Rfd8 19. Rd2 Rd7 20. a4 Qb7 21. axb5 axb5 22. Ne5 Nxe5 23. Qxe5 Bxg2 24. Rxd7 Qxd7 25. Kxg2 Qc6+ 26. Kg1 Rd8 27. Qe2 Rd7 28. Rd1 Ra7 29. c4 bxc4 30. Qxc4 Ra4 31. Qb3 Qb5 32. Rb1 Ra6 33. Qc3 Kh7 34. Rc1 Rc6 35. Qc4 Qb8 36. Qe4+ 1-0

[Event "IV Niterói Chess Open 2024"]
[Site "Rio de Janeiro"]
[Date "2024.08.31"]
[Round "6"]
[White "Rangel, Daniel"]
[Black "Do Valle Cardoso, Lucas"]
[Result "1/2-1/2"]
[WhiteElo "2198"]
[BlackElo "2365"]
[Annotator "Chessbase"]
[PlyCount "85"]
[EventDate "2024.08.28"]
[EventRounds "7"]
[EventCountry "BRA"]

1. d4 d5 2. Nf3 Nf6 3. g3 e6 4. Bg2 Be7 5. O-O b5 6. c3 O-O 7. a4 ({RR} 7. Nbd2 Nbd7 8. a4 bxa4 9. Qxa4 Bb7 10. b4 Bd6 11. Nb3 Nb6 12. Qa2 Bc6 13. Bg5 h6 14. Bxf6 Qxf6 15. Qa6 Qe7 16. Na5 Bd7 17. Rfe1 Qe8 18. Qd3 Bb5 19. Qc2 f5 20. Nd2 Rb8 21. Nab3 a6 {1-0 Leenhouts,K (2454)-Labruyere,R (2170) Dutch Open 2024 (7.5)}) ({RR} 7. Bf4 c5 8. a4 bxa4 9. Rxa4 Bb7 10. Nbd2 Nbd7 11. Qa1 cxd4 12. cxd4 Qb6 13. Rc1 Rfc8 14. Rxc8+ Bxc8 15. Ne1 Bb7 16. Nd3 Bc6 17. Ra6 Qb7 18. Ra2 Bb5 19. Nc1 Rc8 20. Nb1 a6 21. Nc3 Bc4 {½-½ Di Berardino,D (2484)-Do Valle Cardoso,L (2247) VII SESC Caioba Open 2023 (7.5)}) 7... b4 8. cxb4 Bxb4 9. Bd2 Qe7 $146 ({RR} 9... c5 10. Bxb4 cxb4 11. Qb3 Nc6 12. Rc1 Qb6 13. e3 Na5 14. Qd1 Ba6 15. Nbd2 Rfc8 16. Ne5 Qd6 17. Bf1 Ne8 18. Qh5 g6 19. Nxf7 Kxf7 20. Qxh7+ Ng7 21. Nf3 Rh8 22. Ne5+ Qxe5 23. Qxh8 Rxh8 24. dxe5 {½-½ Konopka,M (2412)-Vrana,J (2366) CZE-chT 1314 2013 (6.4)}) ({RR} 9... c5 10. dxc5 Bxc5 11. b4 Bd6 12. Na3 a6 13. Qb3 Nbd7 14. Nd4 Bb7 15. Rfc1 Qe7 16. Nac2 Rab8 17. Rab1 Rfc8 18. Ne3 Rxc1+ 19. Rxc1 Ba8 20. Nc6 Bxc6 21. Rxc6 Bxb4 22. Bxb4 Rxb4 23. Qc2 Rb6 24. Rxb6 {½-½ Konopka,M (2367)-Vrana,J (2346) CZE-chT1W 1819 2018 (8.3)}) 10. Bxb4 Qxb4 11. Qd2 Na6 12. Qxb4 Nxb4 13. Rc1 Ba6 14. Nc3 Rfc8 15. Ne5 c6 16. e4 Nd3 17. Nxd3 Bxd3 18. exd5 cxd5 19. Nb5 Bc2 20. Bf1 Ne4 21. Nc3 Nxc3 22. Rxc2 Ne4 23. Rac1 Rxc2 24. Rxc2 a5 25. Bd3 Kf8 26. Bxe4 dxe4 27. Rc5 Rb8 28. Rxa5 Rxb2 29. d5 Ke7 30. Ra7+ Kd6 31. dxe6 Kxe6 32. a5 Ra2 33. a6 g5 34. g4 f6 35. h4 h6 36. Rh7 Rxa6 37. Rxh6 Ke5 38. hxg5 Ra1+ 39. Kg2 fxg5 40. Rh8 Kf4 41. Re8 Re1 42. Re7 Kxg4 43. Rxe4+ 1/2-1/2

[Event "IV Niterói Chess Open 2024"]
[Site "Rio de Janeiro"]
[Date "2024.08.28"]
[Round "1"]
[Board "3"]
[White "Di Berardino, Diego Rafael"]
[Black "Silva, Juliana Figueira Theophilo"]
[Result "1-0"]
[WhiteElo "2472"]
[BlackElo "1859"]
[Annotator "Chessbase"]
[PlyCount "77"]
[EventDate "2024.08.28"]
[EventRounds "7"]
[EventCountry "BRA"]

1. d4 Nf6 2. Nf3 e6 3. g3 b6 4. Bg2 Ba6 ({RR} 4... d5 5. O-O c6 6. c4 Bd6 7. Nbd2 Ba6 8. b3 O-O 9. Bb2 Qe7 10. Re1 Ne4 11. Nxe4 dxe4 12. Nd2 f5 13. e3 Nd7 14. f3 exf3 15. Bxf3 Rac8 16. e4 Qg5 17. e5 Bb4 18. Re2 Rfd8 19. Nf1 {1-0 Nikolic,P (2627)-Pham,M (2455) Livry Gargan op 1st rapid 2005 (5)}) 5. O-O Be7 6. b3 ({RR} 6. Ne5 d5 7. c4 c6 8. Qa4 Bxc4 9. Nc3 Ba6 10. Nxc6 Qd7 11. Nxe7 Qxa4 12. Nxa4 Kxe7 13. Nc3 Nc6 14. Rd1 Rac8 15. Bg5 h6 16. Bxf6+ Kxf6 17. e4 dxe4 18. d5 exd5 19. Rxd5 Rhd8 20. Bxe4 Nd4 {0-1 Carbonell Bofill,C (2108)-Hernandez,C (2372) 7th Sueca Open 2023 (7.2)}) 6... d5 $146 ({RR} 6... O-O 7. Bb2 d5 8. Nbd2 Nbd7 9. Re1 Bb7 10. c4 {½-½ Mascarinas,R (2415)-Bitoon,R (2436) Quezon City Equitable Card 2000 (9)}) 7. c4 O-O 8. Nc3 c5 9. cxd5 exd5 10. Bb2 Nc6 11. Rc1 Bb7 12. dxc5 Bxc5 13. Nh4 Ne7 14. Na4 Nd7 15. Nxc5 bxc5 16. Qd3 Qb6 17. Nf5 Nxf5 18. Qxf5 Qe6 19. Bh3 Qxf5 20. Bxf5 Rfd8 21. Ba3 Ba6 22. Rfd1 Nb6 23. Bxc5 Bxe2 24. Re1 Bf3 25. Re3 Bh5 26. Bd4 Bg6 27. Bh3 Re8 28. a4 Re4 29. Rxe4 dxe4 30. a5 Nd5 31. Rc8+ Rxc8 32. Bxc8 Nb4 33. Bxa7 Nc6 34. Bb6 e3 35. fxe3 Be4 36. a6 Bd5 37. Bb7 Kf8 38. a7 Nxa7 39. Bxd5 1-0

[Event "IV Niterói Chess Open 2024"]
[Site "Rio de Janeiro"]
[Date "2024.08.29"]
[Round "3"]
[Board "35"]
[White "Borensztajn, David"]
[Black "Jeremias, Bianca Albano"]
[Result "1/2-1/2"]
[WhiteElo "1729"]
[BlackElo "1938"]
[Annotator "Chessbase"]
[PlyCount "23"]
[EventDate "2024.08.28"]
[EventRounds "7"]
[EventCountry "BRA"]

1. d4 Nf6 2. e3 g6 3. Nf3 d6 4. Be2 Bg7 5. Nbd2 Nbd7 6. O-O O-O 7. b3 b6 8. Bb2 Bb7 9. c4 Re8 $146 ({RR} 9... e5 10. d5 a5 11. e4 Ng4 12. g3 Qe7 13. h3 Nh6 14. Kh2 f5 15. Nh4 Bc8 16. Ng2 Nc5 17. f3 Nf7 18. exf5 Bxf5 19. g4 Bd7 20. Ne4 h5 21. Nxc5 bxc5 22. Qc2 hxg4 23. Qxg6 gxh3 24. Ne3 {0-1 Frometa Castillo,Z (2030)-Makai,Z (2140) Capablanca Memorial (Women) 1986 (9)}) 10. Qc2 e5 11. d5 Rf8 12. b4 1/2-1/2

[Event "IV Niterói Chess Open 2024"]
[Site "Rio de Janeiro"]
[Date "2024.08.31"]
[Round "5"]
[Board "4"]
[White "Matsuura, Everaldo"]
[Black "Casalaspro, Mathias Andre"]
[Result "1-0"]
[WhiteElo "2365"]
[BlackElo "2199"]
[Annotator "Chessbase"]
[PlyCount "73"]
[EventDate "2024.08.28"]
[EventRounds "7"]
[EventCountry "BRA"]

1. d4 Nf6 2. Nf3 g6 3. Bf4 Bg7 4. e3 d6 5. h3 O-O 6. Be2 Nbd7 7. O-O b6 8. c4 Ne4 ({RR} 8... Bb7 9. Qc2 Ne4 10. d5 Nec5 11. Nc3 a5 12. e4 e5 13. Bg5 Qe8 14. Rae1 h6 15. Be3 Qe7 16. g3 Bc8 17. Kg2 Nf6 18. b3 Nh7 19. Nh4 h5 20. a3 Ng5 21. Rh1 a4 22. b4 Nb3 23. Bd1 {0-1 Savchenko,B (2609)-Demchenko,A (2578) Belorechensk Sarkisov Memorial op 2012 (9)}) 9. Bh2 Bb7 10. Nbd2 ({RR} 10. Nfd2 e5 11. Bf3 Nxd2 12. Nxd2 Qc8 13. Nb3 a5 14. a4 Re8 15. Rc1 e4 16. Be2 Ba6 17. c5 Bxe2 18. Qxe2 bxc5 19. dxc5 Qb8 20. Qc4 Ne5 21. Bxe5 Bxe5 22. Rc2 Qb4 23. Qxb4 axb4 24. a5 d5 {½-½ Baloglu,D (1944)-Kim,S (2295) Titled Tue 6th Aug Late 2024 (6)}) 10... Ndf6 $146 ({RR} 10... e5 11. Qc2 Nxd2 12. Qxd2 Qe7 13. Rac1 a5 14. Rfd1 Rad8 15. Qc2 f5 16. a3 g5 17. dxe5 dxe5 18. c5 Nxc5 19. Rxd8 Rxd8 20. Qxf5 Bxf3 21. gxf3 a4 22. Rd1 Rxd1+ 23. Bxd1 h6 24. Bc2 Qd6 25. Kg2 {1-0 Pecorelli Garcia,H (2435)-Plachetka,J (2440) Trencianske Teplice 1985 (10)}) ({RR} 10... Nxd2 11. Qxd2 e5 12. Rfd1 e4 13. Ne1 a5 14. Rac1 f5 15. Nc2 g5 16. Na3 Qf6 17. Nb5 Rac8 18. c5 bxc5 19. Qxa5 cxd4 20. Nxd4 c5 21. Nb5 d5 22. Nd6 Qxb2 23. Bb5 Ra8 24. Qc7 Rxa2 25. Rf1 {1-0 Halkias,A (2094)-Nedev,T (2481) GRE-chT 45th 2017 (2.15)}) 11. Qc2 Qe8 12. Rac1 Rd8 13. b4 c5 14. bxc5 bxc5 15. d5 Nxd2 16. Nxd2 e6 17. dxe6 fxe6 18. Bf3 Bxf3 19. Nxf3 Qc6 20. Ng5 d5 21. cxd5 Rxd5 22. Nf3 Nd7 23. e4 Rh5 24. Qd3 Nb6 25. Nd2 Qc8 26. Qa3 Qd7 27. Nf3 c4 28. Rfd1 Qb7 29. e5 Rhf5 30. Qd6 Re8 31. Nd4 Bf8 32. Nxf5 Bxd6 33. Nxd6 Qc6 34. Nxe8 Qxe8 35. Bf4 Qa4 36. Bg5 Qxa2 37. Ra1 1-0

[Event "IV Niterói Chess Open 2024"]
[Site "Rio de Janeiro"]
[Date "2024.08.29"]
[Round "3"]
[Board "6"]
[White "Dos Santos Junior, Haroldo Cunha"]
[Black "Matsuura, Everaldo"]
[Result "1/2-1/2"]
[WhiteElo "2040"]
[BlackElo "2365"]
[Annotator "Chessbase"]
[PlyCount "43"]
[EventDate "2024.08.28"]
[EventRounds "7"]
[EventCountry "BRA"]

1. d4 Nf6 2. Nf3 g6 3. Bf4 Bg7 4. Nbd2 c5 5. e3 O-O 6. Be2 ({RR} 6. c3 d6 7. dxc5 dxc5 8. h3 Nc6 9. Be2 b6 10. O-O Bb7 11. Qc2 Qc8 12. e4 Nd7 13. Rae1 Nde5 14. Nxe5 Nxe5 15. Bh2 Ba6 16. f4 Bxe2 17. Rxe2 Nc6 18. e5 e6 19. Ne4 Rd8 20. Bg3 Qa6 {1-0 Tahbaz,A (2441)-Hua,L (2305) Titled Tue 8th Aug Late 2023 (5)}) 6... Nc6 ({RR} 6... cxd4 7. exd4 d6 8. O-O Qb6 9. Nc4 Qc7 10. h3 b5 11. Ne3 a6 12. c3 Nbd7 13. a4 Rb8 14. axb5 axb5 15. Qb3 Bb7 16. Ra7 Qb6 17. Rfa1 b4 18. R7a4 bxc3 19. Rb4 Qxb4 20. Qxb4 Bxf3 21. Qxc3 {0-1 Korchmar,V (2450)-Andreikin,D (2724) Titled Tuesday intern op 15th Feb Early blitz 2022 (4)}) 7. c3 d6 8. O-O Bf5 $146 ({RR} 8... Re8 9. a4 cxd4 10. exd4 e5 11. dxe5 dxe5 12. Bg5 e4 13. Ne1 Qd5 14. Bxf6 Bxf6 15. Bc4 Qg5 16. Qe2 Bg4 17. Qe3 Ne5 18. Bb5 Nc6 19. Nxe4 Qe5 20. Nxf6+ Qxf6 21. Qc1 Red8 22. Nc2 Ne5 23. Nd4 {1-0 Just,G (2020)-Kube,H (2025) BL 9495 (Women) 1994 (11.4)}) ({RR} 8... cxd4 9. exd4 e5 10. dxe5 dxe5 11. Nxe5 Nd5 12. Nxc6 bxc6 13. Bg3 Bxc3 14. Nc4 Bg7 15. Be5 Bxe5 16. Nxe5 Qf6 17. Nc4 Re8 18. Re1 Ba6 19. Ne3 Nxe3 20. fxe3 Rad8 21. Qc2 Bxe2 22. Rxe2 Re6 23. Rd1 {½-½ Makoveev,I (2148)-Demianjuk,A (2388) Moscow op-A 2016 (1)}) ({RR} 8... cxd4 9. cxd4 Nh5 10. Bg3 Nxg3 11. hxg3 Bf5 12. Qb3 Na5 13. Qa3 Qb6 14. Rfc1 Rfc8 15. b4 Rxc1+ 16. Rxc1 Nc6 17. b5 Na5 18. Qb4 Qd8 19. a4 Rc8 20. Rxc8 Bxc8 21. Nc4 Nxc4 22. Bxc4 d5 23. Bb3 {½-½ Pham,M (1986)-Tong,T (2176) VIE-ch Hanoi 2017 (4)}) 9. h3 cxd4 10. exd4 Qc7 11. Nc4 Nd5 12. Bd2 e5 13. Ne3 Nxe3 14. Bxe3 e4 15. Nd2 d5 16. f3 exf3 17. Bxf3 Rad8 18. Bg5 Rd7 19. Bg4 Ne7 20. Bxe7 Bxg4 21. Qxg4 Kh8 22. Rfb1 1/2-1/2

[Event "IV Niterói Chess Open 2024"]
[Site "Rio de Janeiro"]
[Date "2024.08.28"]
[Round "1"]
[Board "52"]
[White "Da Silva, Rodrigo Haydt"]
[Black "Nascimento, Nicolas Daniel Trindade"]
[Result "0-1"]
[WhiteElo "1504"]
[BlackElo "1928"]
[Annotator "Chessbase"]
[PlyCount "62"]
[EventDate "2024.08.28"]
[EventRounds "7"]
[EventCountry "BRA"]

1. d4 Nf6 2. Bf4 d6 3. e3 g6 4. Nf3 Bg7 5. h3 O-O 6. Be2 Nbd7 7. O-O c6 8. Nbd2 Re8 9. c3 ({RR} 9. e4 e5 10. dxe5 dxe5 11. Be3 Qe7 12. Bc4 Nc5 13. Ng5 Ne6 14. Nxe6 Bxe6 15. Qe2 Red8 16. Rfd1 Nh5 17. Bxe6 Qxe6 18. a4 Nf4 19. Qc4 Qd7 20. Re1 Ne6 21. c3 b5 22. Qb3 a5 23. Nf3 Rdb8 {1-0 Tabatabaei,M (2707)-Galaktionov,A (2338) Titled Tue 28th May Late 2024 (7)}) ({RR} 9. Bh2 e5 10. Nc4 exd4 11. exd4 d5 12. Nd6 Re7 13. c4 Ne8 14. cxd5 cxd5 15. Rc1 Nxd6 16. Bxd6 Re6 17. Bg3 Qe8 18. Bb5 a6 19. Ba4 b5 20. Bb3 Nb6 21. Ne5 Nc4 22. Qf3 Bb7 23. Bxc4 Bxe5 {1-0 O'Gorman,T (2321)-Hernandez,E (1947) Titled Tue 13th Feb Early 2024 (1)}) 9... h6 10. Re1 $146 ({RR} 10. Bh2 c5 11. Qb3 a6 12. a4 b6 13. Bc4 Rf8 14. Nh4 Bb7 15. Rfe1 d5 16. Be2 Re8 17. Nhf3 Rc8 18. Ne5 Nxe5 19. Bxe5 Nd7 20. Bxg7 Kxg7 21. Bf3 Nf6 22. Rad1 Qc7 23. a5 b5 24. dxc5 Qxc5 {½-½ Kaczorowska,B (2235)-Michna,M (2170) POL-ch (Women) 1994 (5)}) ({RR} 10. e4 e5 11. dxe5 dxe5 12. Bh2 Qc7 13. Qc2 Nh5 14. Rfe1 Nf4 15. Bf1 Nc5 16. Rad1 b5 17. b4 Nce6 18. c4 Qb6 19. Nb3 g5 20. Rd6 Bf8 21. c5 Qc7 22. Rd2 Ng6 23. Red1 Nef4 24. Na5 g4 {1-0 Rust,S (2202)-Kerker,A (2084) Oberliga Nord W 0405 2004 (5.5)}) ({RR} 10. Bc4 b5 11. Bb3 Bb7 12. Qc2 e6 13. Bxd6 Rc8 14. a4 c5 15. dxc5 Nxc5 16. Bxc5 Rxc5 17. axb5 Qb6 18. Nc4 Be4 19. Nxb6 Bxc2 20. Bxc2 axb6 21. Rfd1 Rxb5 22. Ba4 {1-0 Feijo,F (1789)-Lima Miranda,C (1562) Fortaleza Gadelha Memorial 2019 (3)}) 10... e5 11. dxe5 dxe5 12. Bh2 b5 13. e4 Bb7 14. Bd3 Qb6 15. Bc2 Rad8 16. a4 a6 17. Qe2 Nh5 18. Qe3 Qc7 19. Rad1 c5 20. c4 b4 21. Qb3 Nf4 22. Nf1 Nf6 23. N1d2 g5 24. Qe3 Bc8 25. Nb3 Bf8 26. Nbd2 Kh8 27. Nf1 a5 28. Ng3 Bg7 29. Kf1 g4 30. hxg4 Nxg4 31. Kg1 Nxe3 0-1

[Event "IV Niterói Chess Open 2024"]
[Site "Rio de Janeiro"]
[Date "2024.08.29"]
[Round "3"]
[Board "48"]
[White "Andriska, Matheus Jose Amante"]
[Black "Lins, Joao Pedro"]
[Result "0-1"]
[WhiteElo "1495"]
[BlackElo "1848"]
[Annotator "Chessbase"]
[PlyCount "92"]
[EventDate "2024.08.28"]
[EventRounds "7"]
[EventCountry "BRA"]

1. d4 d6 2. Nf3 g6 3. e3 Bg7 4. Bd3 Nf6 5. O-O O-O 6. Nbd2 Nc6 7. c4 ({RR} 7. c3 e5 8. dxe5 Nxe5 9. Nxe5 dxe5 10. Ne4 Qe7 {½-½ Meduna,E (2450)-Timoscenko,G (2510) Stary Smokovec 1996}) 7... e5 8. b3 $146 ({RR} 8. d5 Nb8 9. e4 Nh5 10. Nb3 b6 11. Ne1 a5 12. a4 Qe8 13. Be2 Nf6 14. Qc2 Na6 15. f3 Bd7 16. Nd2 Bh6 17. Nd3 Be3+ 18. Kh1 Nh5 19. Nb1 Bd4 20. Bh6 Ng7 21. Nc3 f5 22. Nb5 Bxb5 {0-1 Cary,A-Day,L (2350) Olympiad-22 Haifa 1976 (1.2)}) ({RR} 8. e4 exd4 9. b3 Ne5 10. Bb2 Nxd3 11. Bxd4 Nc5 12. e5 Nfe4 13. Nxe4 Nxe4 14. exd6 Qxd6 15. Bxg7 Qxd1 16. Raxd1 Kxg7 17. Rd4 Bf5 18. Re1 Rfe8 19. Nh4 Rad8 20. Rxd8 Rxd8 21. Nxf5+ gxf5 22. g4 Ng5 {0-1 Tabarez,V-Steiner,M (1527) URU-ch U20 Montevideo 2022 (1)}) ({RR} 8. d5 Ne7 9. Re1 Nd7 10. e4 h6 11. Nf1 f5 12. exf5 gxf5 13. Bc2 e4 14. Nd4 Ne5 15. Qe2 c5 16. Nb3 b5 17. cxb5 Nxd5 18. Rd1 Bb7 19. Bd2 Rc8 20. Na5 Ba8 21. Nc4 Nxc4 22. Qxc4 Kh8 {0-1 Asker,S-Ghitescu,T WchT Students 05th final B 1958 (7)}) ({RR} 8. d5 Ne7 9. e4 Nh5 10. Re1 Nf4 11. Bf1 f5 12. b4 fxe4 13. Nxe4 Bg4 14. Kh1 Kh8 15. a4 Bxf3 16. Qxf3 Nfxd5 17. Qh3 Nf6 18. Ng5 Qd7 19. Qxd7 Nxd7 20. Ne6 Rxf2 21. Be3 Rb2 22. Nxc7 Rf8 {1-0 Mamedjarova,T (2223)-Zawadzka,B (2352) Wch U20 Girls 2005 (8)}) 8... Re8 9. dxe5 Ng4 10. Be2 Ngxe5 11. Rb1 d5 12. Nd4 Nxd4 13. exd4 Nc6 14. Nf3 Bf5 15. Bd3 Bxd3 16. Qxd3 dxc4 17. Qxc4 Nxd4 18. Nxd4 Bxd4 19. Bb2 Bxb2 20. Rxb2 Qe7 21. h3 c6 22. Rbb1 Qe4 23. Qc3 a5 24. Rfe1 Qb4 25. Qxb4 axb4 26. Rxe8+ Rxe8 27. Kf1 Kf8 28. Rc1 Ra8 29. Rc2 Ke7 30. Rd2 c5 31. Ke2 b5 32. Kd3 Rd8+ 33. Ke3 Rxd2 34. Kxd2 Kd6 35. Ke3 Kd5 36. Kd3 f5 37. f4 c4+ 38. Ke3 c3 39. Kd3 c2 40. Kxc2 Ke4 41. g3 Kf3 42. g4 Kxf4 43. gxf5 gxf5 44. Kd3 Kg3 45. Ke2 f4 46. h4 Kg2 0-1